[Katarzyna Person: Assimilated Jews in the Warsaw Ghetto, 1940-1943]
| Titel: | [Katarzyna Person: Assimilated Jews in the Warsaw Ghetto, 1940-1943] / Gordon J. Horwitz |
|---|---|
| Verfasser: | |
| In: |
Holocaust and genocide studies, Band 30, Heft 1 (2016), Seite 136-139 alle Artikel anzeigen |
| Veröffentlicht: | 2016 |
| Format: | Aufsatz |
| Sprache: | Englisch |
X
alg: 43190295
001A $03025:23-05-18
001B $01999:27-07-21 $t17:20:38.000
001C $03025:23-05-18 $t16:48:01.000
001D $03025:23-05-18
001U $0utf8
001X $00
002@ $0Oou
002C $aText $btxt $2rdacontent
002D $aComputermedien $bc $2rdamedia
002E $aOnline-Ressource $bcr $2rdacarrier
003@ $043190295X
004P $010.1093/hgs/dcw009
007A $043190295X $aHEB
010@ $aeng
010E $erda
011@ $a2016
013D $#Newspapers Sections, columns, etc. Reviews $#Book reviewing $#Journaux Cahiers, chroniques, etc. Comptes rendus $#Livres Recension $#Rezension $#Buchbesprechung $#Buchrezension $#Buchkritik $74049712-4 $8Rezension [Ts1] $9085138568
021A $a[Katarzyna Person: Assimilated Jews in the Warsaw Ghetto, 1940-1943] $hGordon J. Horwitz
028A $BVerfasser $4aut $7137598939 $8Horwitz, Gordon J.$Z1953- [Tp3] $9210007222
031A $d30 $e1 $h136-139 $j2016
039B $aEnthalten in $8--Obvc--. Holocaust and genocide studies. - Oxford {[u.a.] : Oxford Univ. Press, 1986-. - Online-Ressource. - ISSN 1476-7937 $x201600000300001864 $910488908X
039T $8--Aau--Person, Katarzyna$Z20./21. Jh. [Tp3]. Assimilated Jews in the Warsaw Ghetto, 1940-1943. - Syracuse : Syracuse Univ. Press, 2014. - XIII, 239 S.. - ISBN 978-0-8156-3334-1 $9344524574
045F $a900.9438 $eDDC23BSB
045F/01 $a900
045F/03 $g438
045T $aROM $qDE-5 $2FID
045T $aROM $qDE-18 $2FID
045T $aJUDAICA $qDE-30 $2FID
045T $aINTRECHT $qDE-1a $2FID
045T $aKRIM $qDE-21 $2FID
045T $a2,1
lok: 43190295 78
exp: 43190295 78 1 #EPN
201B/01 $023-05-18 $t16:48:01.000
201C/01 $023-05-18
201U/01 $0utf8
203@/01 $01022422138
204P/01 $010.1093/hgs/dcw009
208@/01 $a23-05-18 $be
209A/01 $a/ $f000 $x00
209A/01 $ab*p $x01
220C/01 $apgar
244Z/01 $#Generalgouvernement Polen $#Polska $#Rzeczpospolita Polska $#Polska Rzeczpospolita Ludowa $#Poland $#Pologne $#République Polonaise $#Generalne Gubernatorstwo w Polsce $#Polish People's Republic $#Polska Rzeczpospolita Polen $#PRL $#RP $#Polen Generalgouvernement $#Polska Generalgouvernement $#Besetzte Polnische Gebiete $#Besetztes Gebiet in Polen $#Okupowane Polskie Obszary $#Obszary Okupowane w Polsce $#Volksrepublik Polen $#Polska Rosyjska $#Republic Polen $#Respublika Pol'ša $#Pol'skaja Narodnaja Respublika $#République de Pologne $#Polen Links der Weichsel $#Polska po Lewej Stronie Wisły $#Lenkija $#Polija $#Gubernija Carstva Pol'skago $#Republik Polen $74046496-9 $8--Tg1--Polen $x01 $9085129801
247C/01 $82080>Marburg/Lahn, Herder-Institut, Forschungsbibliothek, Bibliographieportal $9336309341
| LEADER | 00000caa a2200000 c 4500 | ||
|---|---|---|---|
| 001 | 43190295X | ||
| 003 | DE-603 | ||
| 005 | 20210727172038.0 | ||
| 007 | cr|||||||||||| | ||
| 008 | 180523s2016 xx |||| o| u00||u|eng c | ||
| 024 | 7 | |a 10.1093/hgs/dcw009 |2 doi | |
| 035 | |a (DE-599)HEB43190295X | ||
| 040 | |a DE-603 |b ger |c DE-603 |d DE-603 |e rda | ||
| 041 | |a eng | ||
| 082 | 0 | 4 | |8 1\u |a 900.9438 |q DE-101 |2 23/BSB |
| 084 | |a ROM |q DE-5 |2 fid | ||
| 084 | |a ROM |q DE-18 |2 fid | ||
| 084 | |a JUDAICA |q DE-30 |2 fid | ||
| 084 | |a INTRECHT |q DE-1a |2 fid | ||
| 084 | |a KRIM |q DE-21 |2 fid | ||
| 084 | |a 2,1 |2 ssgn | ||
| 085 | |8 1\u |b 900 | ||
| 085 | |8 1\u |z 2 |s 438 | ||
| 100 | 1 | |a Horwitz, Gordon J. |d 1953- |e Verfasser |4 aut |0 (DE-603)210007222 |0 (DE-588)137598939 |2 gnd | |
| 245 | 0 | 0 | |a [Katarzyna Person: Assimilated Jews in the Warsaw Ghetto, 1940-1943] |c Gordon J. Horwitz |
| 264 | 0 | |c 2016 | |
| 336 | |a Text |b txt |2 rdacontent | ||
| 337 | |a Computermedien |b c |2 rdamedia | ||
| 338 | |a Online-Ressource |b cr |2 rdacarrier | ||
| 655 | 7 | |a Rezension |2 gnd-content |0 (DE-588)4049712-4 |0 (DE-603)085138568 | |
| 773 | 0 | 8 | |i Enthalten in |t Holocaust and genocide studies |d Oxford [u.a.] : Oxford Univ. Press, 1986- |h Online-Ressource |x 1476-7937 |g Band 30, Heft 1 (2016), Seite 136-139 |w (DE-603)10488908X |w (DE-600)2079719-9 |
| 787 | 0 | 8 | |i Rezension von |a Person, Katarzyna, 20./21. Jh. |t Assimilated Jews in the Warsaw Ghetto, 1940-1943 |d Syracuse : Syracuse Univ. Press, 2014 |h XIII, 239 S. |z 9780815633341 |w (DE-603)344524574 |
| 924 | 1 | |9 2080 |a (DE-603)1022422138 |b DE-2080 |c HES |d d |g / | |


